Rovné příležitosti v zaměstnání

Prednosti českej ženy na trhu práce v porovnaní so západnou Európou. Obsahové vymedzenie pojmu diskriminácia pri výbere zamestnancov. Formy diskriminácie. Diskriminácia, nespravodlivosť a objektivita pri výbere. Rozdiely pri odmeňovaní. Prínos antidiskriminačných opatrení pre organizáciu.

Gespeichert in:
Bibliographische Detailangaben
1. Verfasser: Dvořáková, Zuzana
Weitere Verfasser: Urban, Jan
Format: Buchkapitel
Sprache:Tschechisch
Schlagworte:
Tags: Tag hinzufügen
Keine Tags, Fügen Sie das erste Tag hinzu!

MARC

LEADER 00000naa a2200000 4500
001 r046873
005 20231003115315.2
041 0 |a cze 
044 |a CZ 
245 1 0 |a Rovné příležitosti v zaměstnání  |c Zuzana Dvořáková, Jan Urban 
520 |a Prednosti českej ženy na trhu práce v porovnaní so západnou Európou. Obsahové vymedzenie pojmu diskriminácia pri výbere zamestnancov. Formy diskriminácie. Diskriminácia, nespravodlivosť a objektivita pri výbere. Rozdiely pri odmeňovaní. Prínos antidiskriminačných opatrení pre organizáciu. 
610 2 0 |a diskriminácia pracovná 
610 2 0 |a ženy 
610 2 0 |a trh práce 
610 2 0 |a Európska únia 
610 2 0 |a Česko 
610 2 0 |a výber pracovníkov 
100 1 |a Dvořáková, Zuzana 
700 1 |a Urban, Jan